Managerial Economics:in a global economics (Record no. 1109)

MARC details
000 -LEADER
fixed length control field 00433nam a22001697a 4500
005 - DATE AND TIME OF LATEST TRANSACTION
control field 20180321124921.0
008 - FIXED-LENGTH DATA ELEMENTS--GENERAL INFORMATION
fixed length control field 160519b xxu||||| |||| 00| 0 eng d
020 ## - INTERNATIONAL STANDARD BOOK NUMBER
ISBN 981-240-612-3
041 ## - LANGUAGE CODE
Language code of text/sound track or separate title eng
082 ## - DEWEY DECIMAL CLASSIFICATION NUMBER
Item number 3262
Classification number 338.5024658
100 ## - MAIN ENTRY--AUTHOR NAME
Personal name Salvatore,Dominick
245 ## - TITLE STATEMENT
Title Managerial Economics:in a global economics
260 ## - PUBLICATION, DISTRIBUTION, ETC. (IMPRINT)
Name of publisher Thomson South westem
Year of publication 2004
300 ## - PHYSICAL DESCRIPTION
Number of Pages 742
650 ## - SUBJECT ADDED ENTRY--TOPICAL TERM
Topical Term Management
942 ## - ADDED ENTRY ELEMENTS (KOHA)
Koha item type Books
Holdings
Lost status Damaged status Collection code Home library Current library Shelving location Date acquired Cost, normal purchase price Full call number Accession Number Koha item type
    MANAGEMENT JRU Library JRU Library SHELF-60-A 19/05/2016 8.00 338.502 465 8 3262 Books
    Reference JRU Library   SHELF-28-B 19/05/2016 8.00 338.502 465 8 3263 Books